000 00486 a2200181 4500
003 OSt
005 20231202111513.0
008 231202b |||||||| |||| 00| 0 eng d
020 _a9789354329357
040 _coclc
082 _a894.8123
_bMEE/G
100 _aMeera, K R
_96807
245 _aGhaathakan /
_cK.R. Meera
250 _a6th ed.
260 _aKottayam:
_bD C Books,
_c2023.
300 _a688p.
942 _2ddc
_cBK
_h894.8123
_iMEE/G
_k894.8123
_mMEE/G
999 _c43930
_d43930